LIBRARY & INFORMATION CENTRE, KCAET, TAVANUR

ONLINE PUBLIC ACCESS CATALOGUE (OPAC)

Practical Agricultural Meteorology (Record no. 14251)

MARC details
000 -LEADER
fixed length control field 00318nam a22001217a 4500
020 ## - INTERNATIONAL STANDARD BOOK NUMBER
ISBN 9789380235776
082 ## - DEWEY DECIMAL CLASSIFICATION NUMBER
Classification number 630.2515
Item number SRI/PR
100 ## - MAIN ENTRY--AUTHOR NAME
Personal name Srivastava, A.K
-- Tyagi, P.K
245 ## - TITLE STATEMENT
Title Practical Agricultural Meteorology
260 ## - PUBLICATION, DISTRIBUTION, ETC. (IMPRINT)
Place of publication New Delhi
Name of publisher New India Publishing Agency
Year of publication 2011
300 ## - PHYSICAL DESCRIPTION
Number of Pages 250
942 ## - ADDED ENTRY ELEMENTS (KOHA)
Koha item type Books
Holdings
Withdrawn status Lost status Damaged status Collection code Home library Current library Shelving location Date acquired Source of acquisition Cost, normal purchase price Full call number Accession Number Koha item type
        KAUAET KAUAET General Stacks 08/06/2016 Universal Research Books, Thrissur 800.00 630.2515 SRI/PR 24305 Books
free website counter